000
00189 a2200097 4500
020
_a
9781512441376
041
_a
spa
100
_a
Elle Parkes
245
_a
Que vivan los Pilotos
942
_c
K
999
_c
27534
_d
27534